000 00937nam a2200289 a 4500
001 BRL_1024
005 20190320211011.0
008 311013s1978----sp-a######---#000-0#spa-#
020 _a8423101274
041 _aspa
044 _asp
050 4 _aQK99
_b.C37 1978
100 1 _aCaron, Michel
_d1763-1831
_925611
245 1 0 _aPlantas medicinales
_cpor Michel Caron y Henry Clos Jouvé ; ilustraciones de François Crozat ; traducción y adaptación de Rafael Candel Vila.
260 _aBarcelona, España
_bEdiciones Daimon
_c1978
300 _a159 p.
_bil. a color
_c15 cm.
440 0 _aPequeña biblioteca Daimon
_v127
_925612
500 _aIncluye índice alfabético
500 _aAu1145
504 _aBibliografía: p. 150
650 1 4 _aBotánica
_915603
700 1 _aClos Jouvé, Henry
_925613
700 1 _aCrozat, Francois
_eil.
_925614
700 1 _aCandel Vila, Rafael
_etr.
_925615
902 _aGRL
942 _2lcc
_cB
999 _c9836
_d9836